[Event "GMA"]
[Site "Bermuda BER"]
[Date "2003.01.25"]
[Round "1"]
[White "Vescovi,G"]
[Black "Markowski,T"]
[Result "1-0"]
[WhiteElo "2592"]
[BlackElo "2574"]
[EventDate "2003.01.25"]

1. e4 c5 2. Nf3 e6 3. d3 Nc6 4. g3 g6 5. Bg2 Bg7 6. O-O Nge7 7. c3 O-O 8.
d4 cxd4 9. cxd4 d5 10. e5 f6 11. Re1 fxe5 12. dxe5 h6 13. h4 Nf5 14. Nc3
Bd7 15. Bf4 Rc8 16. Qd2 Kh7 17. Rad1 Qa5 18. Nh2 d4 19. Ng4 h5 20. Nf6+
Bxf6 21. exf6 e5 22. Bg5 Be6 23. Ne4 Bd5 24. Qxa5 Nxa5 25. Nd6 Bxg2 26.
Nxc8 Bf3 27. Rc1 Nc6 28. Ne7 Nfxe7 29. fxe7 Re8 30. Rxc6 bxc6 31. Rxe5 Bd5
32. b3 Kg7 33. Kf1 a5 34. Ke2 a4 35. bxa4 Kf7 36. Kd3 Ra8 37. a5 Ke8 38.
Bd2 Rb8 39. Kxd4 Rb2 40. Kc3 Rxa2 41. Kd3 Ra3+ 42. Kd4 Ra2 43. Be1 Rc2 44.
Bc3 Rxf2 45. Re3 Ra2 46. Kc5 Ra3 47. Kd6 Bg2 48. Bd2 Ra2 49. Bb4 c5 50.
Kxc5 Rc2+ 51. Kb5 Rc8 52. Bc5 Rb8+ 53. Kc4 Bf1+ 54. Kd4 Rb1 55. Rf3 Rd1+
56. Ke5 Kd7 57. Rf8 Re1+ 58. Kf6 Re6+ 59. Kg7 1-0

[Event "GMA"]
[Site "Bermuda BER"]
[Date "2003.01.26"]
[Round "2"]
[White "Macieja,B"]
[Black "Al Modiahki,M"]
[Result "1-0"]
[WhiteElo "2629"]
[BlackElo "2571"]
[EventDate "2003.01.25"]

1. d4 Nf6 2. Nf3 d6 3. c3 Nbd7 4. Nbd2 e5 5. e4 g6 6. Bd3 Bg7 7. O-O O-O 8.
a4 c6 9. Re1 Re8 10. Nc4 Qc7 11. dxe5 Nxe5 12. Ncxe5 dxe5 13. Bc4 Be6 14.
Bxe6 Rxe6 15. a5 Rd8 16. Qa4 b5 17. axb6 axb6 18. Be3 h6 19. h3 c5 20. Nd2
Qc6 21. Qxc6 Rxc6 22. Ra6 Rcd6 23. Nc4 Rd1 24. Rxd1 Rxd1+ 25. Kh2 Nxe4 26.
Rxb6 Bf8 27. Rc6 Rd5 28. h4 Kg7 29. h5 g5 30. g4 Nf6 31. Kh3 e4 32. b4 Nd7
33. b5 Rd3 34. Rc7 Rxc3 35. Rxd7 Rxc4 36. Bd2 Kf6 37. b6 Ke6 38. b7 Kxd7
39. b8=Q Rd4 1-0

[Event "GMA"]
[Site "Bermuda BER"]
[Date "2003.01.27"]
[Round "3"]
[White "Gershon,A"]
[Black "Miton,K"]
[Result "1/2-1/2"]
[WhiteElo "2571"]
[BlackElo "2544"]
[EventDate "2003.01.25"]

1. d4 d5 2. c4 c6 3. Nf3 Nf6 4. Nc3 e6 5. Bg5 h6 6. Bh4 dxc4 7. e4 g5 8.
Bg3 b5 9. Be2 Bb7 10. h4 g4 11. Ne5 Rg8 12. Nxg4 Nbd7 13. e5 Nxg4 14. Bxg4
Qb6 15. a4 O-O-O 16. a5 Qa6 17. O-O c5 18. d5 b4 19. dxe6 fxe6 20. Na4 Bd5
21. Bf3 Qc6 22. Qe2 Bxf3 23. gxf3 Be7 24. Kh2 Rdf8 25. Qe4 Qxe4 26. fxe4
Rf3 27. Rfc1 Rgxg3 28. fxg3 Nxe5 29. Kg2 Rb3 30. Rc2 Kc7 31. Rf2 Kc6 32.
Nb6 Kc7 33. Na4 Kc6 34. Nb6 Kc7 35. Na4 1/2-1/2

[Event "GMA"]
[Site "Bermuda BER"]
[Date "2003.01.28"]
[Round "4"]
[White "Markowski,T"]
[Black "Gershon,A"]
[Result "1-0"]
[WhiteElo "2574"]
[BlackElo "2571"]
[EventDate "2003.01.25"]

1. g3 c5 2. Bg2 Nc6 3. c4 g6 4. Nc3 Bg7 5. Nf3 e5 6. d3 d6 7. a3 Nge7 8.
Rb1 a5 9. O-O O-O 10. Bd2 Rb8 11. Qa4 Be6 12. Nb5 h6 13. b4 axb4 14. axb4
cxb4 15. Bxb4 Nxb4 16. Qxb4 d5 17. Nd2 Qd7 18. Qd6 Rfd8 19. Qxd7 Rxd7 20.
Rfc1 f5 21. cxd5 Nxd5 22. Nc4 Rbd8 23. h4 Kh7 24. Kh2 Bg8 25. h5 gxh5 26.
Bh3 Be6 27. e4 Nf6 28. Nxe5 Ng4+ 29. Bxg4 Bxe5 30. Bxf5+ Bxf5 31. exf5 Rxd3
32. Re1 R3d5 33. f4 Bg7 34. Nc7 Rxf5 35. Re7 Rdf8 36. Rxb7 R8f7 37. Ne8 Kg8
38. Kh3 Bf8 39. Rxf7 Rxf7 40. Rb5 Kh7 41. Rxh5 Be7 42. Rb5 Kg6 43. Nc7 h5
44. Nd5 Bd8 45. Rc5 Kf5 46. Ne3+ Ke4 47. Re5+ Kf3 48. Nf5 Bc7 49. Nd4+ Kf2
50. Re2+ Kf1 51. Re4 Kf2 52. Ne6 Bb8 53. Rb4 Ba7 54. Rb2+ Kf1 55. Rb5 Re7
56. f5 Bf2 57. Rb1+ Be1 58. Nf4 Re3 59. Nxh5 Kf2 60. Kg4 Bc3 61. Rc1 1-0

[Event "GMA"]
[Site "Bermuda BER"]
[Date "2003.01.30"]
[Round "6"]
[White "Miton,K"]
[Black "Macieja,B"]
[Result "1-0"]
[WhiteElo "2544"]
[BlackElo "2629"]
[EventDate "2003.01.25"]

1. d4 d6 2. Nf3 g6 3. g3 Bg7 4. Bg2 e5 5. e4 Ne7 6. dxe5 dxe5 7. Qxd8+ Kxd8
8. O-O f6 9. Rd1+ Ke8 10. Nc3 h5 11. Nb5 Na6 12. b4 Be6 13. a3 Kf7 14. Bf1
Nc8 15. c4 c6 16. Nc3 Nc7 17. Be3 Bh6 18. Bxh6 Rxh6 19. Nd2 Rh8 20. Nb3 b6
21. Rd2 Ne7 22. f4 Rhd8 23. Rad1 Rxd2 24. Rxd2 Ke8 25. Kf2 exf4 26. gxf4
Rd8 27. Rxd8+ Kxd8 28. Nd4 Kd7 29. h4 c5 30. bxc5 bxc5 31. Nb3 Na6 32. Ke3
Nc8 33. e5 f5 34. Na4 Kc6 35. Bg2+ Kc7 36. Bd5 Bxd5 37. cxd5 Nb6 38. d6+
Kc6 39. Na5+ Kd7 40. Nxb6+ axb6 41. Nc4 b5 42. Nb6+ Ke6 43. a4 b4 44. a5
Nb8 45. Na4 Na6 46. Nb6 Nb8 47. Kd3 Nc6 48. a6 g5 49. d7 Ke7 50. hxg5 h4
51. g6 h3 52. g7 1-0

[Event "GMA"]
[Site "Bermuda BER"]
[Date "2003.01.30"]
[Round "6"]
[White "Vescovi,G"]
[Black "Gershon,A"]
[Result "1-0"]
[WhiteElo "2592"]
[BlackElo "2571"]
[EventDate "2003.01.25"]

1. e4 c5 2. Nf3 e6 3. d3 Nc6 4. g3 d5 5. Qe2 Nge7 6. Bg2 g6 7. O-O Bg7 8.
c3 O-O 9. e5 h6 10. h4 Nf5 11. Bf4 f6 12. Nbd2 g5 13. exf6 gxf4 14. fxg7
Rf7 15. Ne5 Rxg7 16. Nxc6 bxc6 17. Qe5 fxg3 18. fxg3 Nxg3 19. Rf4 Bd7 20.
Kh2 Kh7 21. Nf3 Qg8 22. Bh3 Nf5 23. Re1 Re8 24. Ra4 Qf7 25. Qf4 Bc8 26. Ne5
Qb7 27. Qf2 d4 28. cxd4 cxd4 29. Rc4 Qb8 30. Rc5 Ne3 31. Qf3 Qxb2+ 32. Re2
Qb1 33. Qe4+ Kg8 34. Ng6 Qb8+ 35. Re5 c5 36. h5 Bb7 37. Qf4 Qc7 38. Qxh6
Rh7 39. Qg5 Rg7 40. Qh6 Rh7 41. Bxe6+ 1-0

[Event "GMA"]
[Site "Bermuda BER"]
[Date "2003.02.01"]
[Round "7"]
[White "Al Modiahki,M"]
[Black "Vescovi,G"]
[Result "1/2-1/2"]
[WhiteElo "2571"]
[BlackElo "2592"]
[EventDate "2003.01.25"]

1. e4 e5 2. Nf3 Nc6 3. Bb5 a6 4. Ba4 Nf6 5. O-O Be7 6. Re1 b5 7. Bb3 d6 8.
c3 O-O 9. d3 Na5 10. Bc2 c5 11. Nbd2 Nd7 12. Nf1 Nb6 13. Ng3 Nc6 14. h3 Bf6
15. Nh5 Be7 16. Ng3 Bf6 17. Nh5 Be7 1/2-1/2

[Event "GMA"]
[Site "Bermuda BER"]
[Date "2003.02.02"]
[Round "8"]
[White "Markowski,T"]
[Black "Movsesian,S"]
[Result "1-0"]
[WhiteElo "2574"]
[BlackElo "2663"]
[EventDate "2003.01.25"]

1. g3 d5 2. Nf3 g6 3. c4 d4 4. Bg2 Bg7 5. O-O c5 6. d3 Nc6 7. Na3 Nf6 8.
Nc2 O-O 9. a3 a5 10. b3 e5 11. Rb1 e4 12. Ng5 exd3 13. exd3 Bg4 14. Qd2 h6
15. h3 Bf5 16. Nf3 Qc8 17. Kh2 Nd7 18. Nh4 Be6 19. f4 Ne7 20. g4 Qc7 21.
Kg1 f5 22. Qe2 Ra6 23. Bd2 Bf6 24. g5 hxg5 25. fxg5 Be5 26. Nf3 Bg7 27. b4
axb4 28. axb4 Bf7 29. bxc5 Nc6 30. Rb5 Re8 31. Qf2 Ra2 32. Nfe1 Nde5 33.
Qg3 Re7 34. Bf4 Qc8 35. Rb1 Ra5 36. Na1 Nd7 37. Nb3 Ra2 38. Rf2 Qa8 39. Nc2
Qa4 40. Qf3 Nde5 41. Qd1 Nxd3 42. Qxd3 Bxc4 43. Qg3 d3 44. Ne3 Bxb3 45.
Rxb3 Qxb3 46. Bd5+ Qxd5 47. Nxd5 Re1+ 48. Kg2 Ree2 49. Rxe2 dxe2 50. Kf2
e1=B+ 51. Kxe1 Ra1+ 52. Kd2 Ra2+ 53. Kd1 Nd4 54. Nf6+ Bxf6 55. gxf6 Ra1+
56. Kd2 Ra2+ 57. Kd3 1-0

[Event "GMA"]
[Site "Bermuda BER"]
[Date "2003.02.04"]
[Round "10"]
[White "Svidler,P"]
[Black "Macieja,B"]
[Result "1/2-1/2"]
[WhiteElo "2693"]
[BlackElo "2629"]
[EventDate "2003.01.25"]

1. e4 c6 2. d4 d5 3. e5 Bf5 4. Nc3 e6 5. g4 Bg6 6. Nge2 c5 7. Be3 Nc6 8.
dxc5 h5 9. Nd4 a6 10. g5 Nge7 11. Na4 Nxe5 12. f4 Be4 13. fxe5 Bxh1 14. Nb6
Ra7 15. c3 Nc6 16. Nxc6 bxc6 17. Bd3 Be7 18. h4 f5 19. gxf6 gxf6 20. Qa4 f5
21. O-O-O Bf3 22. Qxc6+ Kf7 23. Bxf5 exf5 24. Rg1 Bg4 25. e6+ Kg6 26. Nd7
Qa8 27. Qa4 d4 28. Qxd4 Qe4 29. Ne5+ Kh7 30. Qxe4 fxe4 31. Nxg4 hxg4 32.
Rxg4 Rc7 33. b4 Rc6 34. Bd4 Rg8 35. Rxe4 Rg6 36. Kc2 Rcxe6 37. Rxe6 Rxe6
38. Kd3 Kg8 39. Kc4 Kf7 40. Kd5 Rh6 41. a4 Ke8 42. b5 axb5 43. axb5 Kd7 44.
c6+ Kc8 45. b6 Bd8 46. Kc5 Rh5+ 47. Kd6 Rh6+ 48. Kc5 Rh5+ 49. Kd6 Bxb6 50.
Bxb6 Rxh4 1/2-1/2

[Event "GMA"]
[Site "Bermuda BER"]
[Date "2003.02.05"]
[Round "11"]
[White "Miton,K"]
[Black "Vescovi,G"]
[Result "1/2-1/2"]
[WhiteElo "2544"]
[BlackElo "2592"]
[EventDate "2003.01.25"]

1. d4 Nf6 2. c4 e6 3. g3 d5 4. Bg2 Bb4+ 5. Bd2 Be7 6. Nf3 O-O 7. O-O c6 8.
Qc2 b6 9. Bf4 Bb7 10. Rd1 Nbd7 11. Nc3 Rc8 12. Rac1 Nh5 13. Be3 Nhf6 14.
Bf4 Nh5 1/2-1/2